The Wiley dictionary of civil engineering and construction. (Record no. 100480)

MARC details
000 -LEADER
fixed length control field 00463cam a2200169 4500
008 - FIXED-LENGTH DATA ELEMENTS--GENERAL INFORMATION
fixed length control field 000000n1997 000 0 eng u
020 ## - INTERNATIONAL STANDARD BOOK NUMBER
International Standard Book Number 0471181153
035 ## - SYSTEM CONTROL NUMBER
System control number (Sirsi) u105850
050 ## - LIBRARY OF CONGRESS CALL NUMBER
Classification number 624.003
100 ## - MAIN ENTRY--PERSONAL NAME
Personal name Webster, L.F.
245 #4 - TITLE STATEMENT
Title The Wiley dictionary of civil engineering and construction.
260 ## - PUBLICATION, DISTRIBUTION, ETC.
Place of publication, distribution, etc. New York
Name of publisher, distributor, etc. John Wiley & Sons
Date of publication, distribution, etc. 1997
300 ## - PHYSICAL DESCRIPTION
Extent xi,666p. ; 25cm.
650 ## - SUBJECT ADDED ENTRY--TOPICAL TERM
Topical term or geographic name entry element DICTIONARIES
690 ## - LOCAL SUBJECT ADDED ENTRY--TOPICAL TERM (OCLC, RLIN)
Topical term or geographic name as entry element BUILT ENVIRONMENT
942 ## - ADDED ENTRY ELEMENTS (KOHA)
Suppress in OPAC 0
Holdings
Withdrawn status Lost status Source of classification or shelving scheme Damaged status Not for loan Home library Current library Shelving location Date acquired Total Checkouts Full call number Barcode Date last seen Copy number Price effective from Koha item type
    Dewey Decimal Classification     London London Books 08/05/2000   624.003 WEB 30061244 06/08/2019 1 06/08/2019 Reference material